000
00277nam a2200109Ia 4500
008
220204s9999 xx 000 0 und d
082
_a
077.052
_b
PET;1
100
_a
Petzold, Paul
245
0
_a
Focal guide to low light photography
260
_a
London
_b
Focal
_c
1976
942
_c
BK
999
_c
33078
_d
33078